ARRUPE JESUIT UNIVERSITY

CORONAVIRUS -STOP THE SPREAD - CLEAN,DISINFECT,COVER

The evolution of educational thought : (Record no. 127018)

MARC details
000 -LEADER
fixed length control field 01043cam a2200289 i 4500
001 - CONTROL NUMBER
control field 1781619
005 - DATE AND TIME OF LATEST TRANSACTION
control field 20171003114615.0
008 - FIXED-LENGTH DATA ELEMENTS--GENERAL INFORMATION
fixed length control field 771207s1977 enk 001 0 eng
010 ## - LIBRARY OF CONGRESS CONTROL NUMBER
LC control number 77372369
015 ## - NATIONAL BIBLIOGRAPHY NUMBER
National bibliography number GB77-08947
020 ## - INTERNATIONAL STANDARD BOOK NUMBER
International Standard Book Number 0710084463 :
Terms of availability £7.50
040 ## - CATALOGING SOURCE
Original cataloging agency DLC
Transcribing agency DLC
Modifying agency DLC
041 1# - LANGUAGE CODE
Language code of text/sound track or separate title eng
Language code of original and/or intermediate translations of text fre
043 ## - GEOGRAPHIC AREA CODE
Geographic area code e-fr---
050 00 - LIBRARY OF CONGRESS CALL NUMBER
Classification number LA691
Item number .D813
082 00 - DEWEY DECIMAL CLASSIFICATION NUMBER
Classification number 373.44
100 1# - MAIN ENTRY--PERSONAL NAME
Personal name Durkheim, Émile,
Dates associated with a name 1858-1917.
9 (RLIN) 36672
245 14 - TITLE STATEMENT
Title The evolution of educational thought :
Remainder of title lectures on the formation and development of secondary education in France /
Statement of responsibility, etc Emile Durkheim ; translated by Peter Collins.
260 ## - PUBLICATION, DISTRIBUTION, ETC. (IMPRINT)
Place of publication, distribution, etc London ;
-- Boston :
Name of publisher, distributor, etc Routledge & Kegan Paul,
Date of publication, distribution, etc 1977.
300 ## - PHYSICAL DESCRIPTION
Extent xxx, 354 p. ;
Dimensions 22 cm.
500 ## - GENERAL NOTE
General note Translation of L'évolution pédagogique en France.
500 ## - GENERAL NOTE
General note Includes index.
650 #0 - SUBJECT ADDED ENTRY--TOPICAL TERM
Topical term or geographic name as entry element Education, Secondary
Geographic subdivision France
General subdivision History.
9 (RLIN) 36673
906 ## - LOCAL DATA ELEMENT F, LDF (RLIN)
a 7
b cbc
c orignew
d 3
e ncip
f 19
g y-gencatlg
942 ## - ADDED ENTRY ELEMENTS (KOHA)
Source of classification or shelving scheme Library of Congress Classification
Item type Monograph ( Printed materials)
Holdings
Withdrawn status Lost status Source of classification or shelving scheme Damaged status Not for loan Collection code Home library Current library Shelving location Date acquired Total Checkouts Full call number Barcode Date last seen Date last borrowed Price effective from Koha item type
    Library of Congress Classification     Main Collection ARRUPE LIBRARY ARRUPE LIBRARY Main Collection 03/10/2017 2 LA695 .D813 46500027760 06/09/2018 03/09/2018 03/10/2017 Monograph ( Printed materials)

 

Arrupe Library. PO Box MP320 Mt Pleasant, Harare, Zimbabwe
263 242 745411|librarian@aju.ac.zw